000 00392nam a22001697a 4500
005 20160429150002.0
008 160429b xxu||||| |||| 00| 0 eng d
020 _a81-315-0190-6
041 _aeng
082 _b00931
100 _aWinston. L Wayne
_9269
245 _aOperations reserch
260 _bThomson Broones Kde
_c2003
300 _a1417
650 _aManagement
_9241
942 _cBK
999 _c309
_d309